000 00835nam a2200289Ia 4500
005 20260324134447.0
008 008 260324s9999 xx 000 0 eng d
020 _a9781315185903
037 _aEBOOK
040 _aCRL
040 _beng
040 _cCRL
041 _2eng
041 _aeng
084 _qCRL
100 _aKeri Dexter
_91196897
245 2 _aA Good Quire of Voices: The Provision of Choral Music at St.George's Chapel, Windsor Castle and Eton College, c.1640-1733
245 4 _bThe Provision of Choral Music at St.George's Chapel, Windsor Castle and Eton College, c.1640-1733
260 _bTaylor and Francis
260 _c2002
365 _a
365 _b325
856 _uhttp://www.taylorfrancis.com/books/9781315185903
942 _cEBOOK
999 _c1797027
_d1797027